00570nam a2200181Ia 4500008004100000020001500041041001200056082001100068100001400079245003300093260003000126300000800156650002100164700001200185942000700197999001500204952016900219221030s9999 xx 000 0 und d a8181281381 aEnglish a105.23 aG. Benson 0aAlgorithms in Bioinformatics bSpringeraNew Delhic2007 a528 aCSE Career Award aR. Page cBK c6212d6212 pBE 9991g695.00l0o105.23 r2024-06-13 00:00:00w2022-10-30yBK003Print4071aMIETLIBbMIETLIBcBL-Academic Block B, FL-1, CUP-113, SH-4, R-4d2009-09-2510HBE